| 000 | 00527nam a2200181 4500 | ||
|---|---|---|---|
| 001 | 117068 | ||
| 003 | ES-MaACL | ||
| 005 | 20230906190825.0 | ||
| 007 | t| | ||
| 008 | 070228s1944 ag r ||||1| spa d | ||
| 100 | 1 |
_aPayro, Roberto J. _9193530 |
|
| 245 | 1 | 3 |
_aEl mar dulce _b: crónica novelesca del descubrimiento del río de la Plata / _cRoberto J. Payro. |
| 250 | _a3ª ed. | ||
| 260 |
_aBuenos Aires : _bLosada, _c1944. |
||
| 300 |
_a259 p. ; _c18 cm. |
||
| 852 |
_aES-MaACL _jC-56715 _bR.89453 |
||
| 999 |
_c117068 _d117068 |
||